Morské a sladkovodné riasy a ich využitie v kozmetike a vo výžive človeka bakalárska práca

Na minha lista:
Detalhes bibliográficos
Autor principal: Horečná, Daša
Formato: Livro
Idioma:eslovaco
Publicado em: Bratislava STUFCHPT 2017
Acesso em linha:View in OPAC
Tags: Adicionar Tag
Sem tags, seja o primeiro a adicionar uma tag!

MARC

LEADER 00000nam a2200000 a 4500
005 20260127134235.0
008 171030 2017 xo 001 0 slo d
035 |a vtls011717971 
039 9 |y 201710301018  |z mschk03 
040 |a STUSCHK1  |b slo  |c STUSCHK1  |e AACR2 
100 1 |a Horečná, Daša 
245 1 |a Morské a sladkovodné riasy a ich využitie v kozmetike a vo výžive človeka  |b bakalárska práca  |c Daša Horečná 
260 |a Bratislava  |b STUFCHPT  |c 2017 
300 |a 51 s.  |b il.  |c 25 cm 
500 |a Študijný program: výživa, kozmetika, ochrana zdravia 
500 |a Študijný odbor: potravinárstvo 
500 |a Školiace pracovisko: Ústav potravinárstva a výživy 
500 |a Evid. číslo: FCHPT-104558-76834 
910 |a SCHK95 
999 |c 7597  |d 7597